000 00324nam a22001337a 4500
003 OSt
008 220507b ||||| |||| 00| 0 eng d
100 _aJUNEJA,M.M
245 _aBhagat Singh Per Chuninda Lekh
260 _aPanchhkula
_bModern Publications
_c2015
300 _a275
650 _aGernal Book
942 _2ddc
_cBK
999 _c11181
_d11181